000 00562nam a2200205Ia 4500
003 GCL
008 140319s9999 xx 000 0 eng d
020 _a1 903431 05 0
040 _aGCL /
_cGCL
082 0 4 _a363.2
_bS G
100 1 _aSYNGE, RICHARD
245 1 0 _aGLOBALIZATION : POLICIES, STRATEGIES AND PARTNERSHIPS /
_cSYNGE, RICHARD
260 _aانجلترا :
_bCOMMONWEATH PUBLISHERS ،
_c2000
300 _a32 CM ؛
_cMULTI
650 0 4 _aPOLICY
650 0 4 _aCOMMON WEALTH
650 0 4 _aSTRATEGIES
650 0 4 _aGLOBALIZATION
942 _2ddc
_cBK
999 _c5743
_d5743